LEADER 02102nas 2200421 n 450 001 990008893210403321 005 20240229084535.0 011 $a0210-2498 035 $a000889321 035 $aFED01000889321 035 $a(Aleph)000889321FED01 035 $a000889321 091 $2CNR$aP 00204610 100 $a20090724b19741979km-y0itaa50------ba 101 0 $aspa 102 $aES 110 $aauu-------- 200 1 $aAnales del Instituto Nacional de Investigaciones Agrarias. Serie higiene y sanidad animal 207 1$a1974-1979 210 $aMadrid$cI.N.I.A. Ministerio de Agricultura 326 $aAnnuale 441 0$1001000889319$12001$aAnales del Instituto Nacional de Investigaciones Agrarias. Serie ganadera 517 0 $aAnales del I.N.I.A. Serie higiene y sanidad animal 517 0 $aAnales - Instituto Nacional de Investigaciones Agrarias. Serie higiene y sanidad animal 530 0 $aAnales del Instituto Nacional de Investigaciones Agrarias. Serie higiene y sanidad animal 531 $aAN. INST. NAC. INVEST. AGRAR., SER. HIG. SANID. AN 675 $a614.9 712 02$aInstituto Nacional de Investigaciones Agrarias$c 801 0$aIT$bACNP$c20090723 859 4 $uhttp://acnp.cib.unibo.it/cgi-ser/start/it/cnr/dc-p1.tcl?catno=2106834&person=false&language=ITALIANO&libr=&libr_th=unina1$zBiblioteche che possiedono il periodico 901 $aSE 912 $a990008893210403321 958 $aBiblioteca Centralizzata. Facoltà di Agraria dell'Università Federico II di Napoli$b1974-1979.$fFAGBC 959 $aFAGBC 996 $aAnales del Instituto Nacional de Investigaciones Agrarias. Serie higiene y sanidad animal$9801620 997 $aUNINA AP1 8 $6866-01$aNA087 Biblioteca Centralizzata. Facoltà di Agraria dell'Università Federico II di Napoli$ev. Università, 100 Palazzo Reale, 80055 Portici (NA)$m081-2539322$m081-7760229$nit AP2 40$aacnp.cib.unibo.it$nACNP Italian Union Catalogue of Serials$uhttp://acnp.cib.unibo.it/cgi-ser/start/it/cnr/df-p.tcl?catno=2106834&language=ITALIANO&libr=&person=&B=1&libr_th=unina&proposto=NO LEADER 01669nam2 2200385 i 450 001 AQ10004002 005 20251003044041.0 010 $a8831753819 020 $aIT$b94-8835 100 $a19931124d1990 ||||0itac50 ba 101 | $aita 102 $ait 181 1$6z01$ai $bxxxe 182 1$6z01$an 200 1 $aˆ2: ‰Uomini e classi 210 $aVenezia$cMarsilio$d1990 215 $aXXXI, 893 p., \48! c. di tav.$cill.$d22 cm 225 | $aSaggi Marsilio$i. Storia e scienze sociali 300 $aIn custodia. 410 0$1001CFI0165017$12001 $aSaggi Marsilio$i. Storia e scienze sociali 461 1$1001CFI0165012$12001 $aStoria dell'agricoltura italiana in età contemporanea$fa cura di Piero Bevilacqua$v2 606 $aLAVORATORI AGRICOLI$xStoria$xSec. 19.-20.$2FIR$3NAPC028551$9I 676 $a338.10945$9$v12 676 $a338.10945$9$v14 676 $a338.10945$9AGRICOLTURA. Italia$v21 676 $a630.945$9AGRICOLTURA E TECNOLOGIE CONNESSE$v21 801 3$aIT$bIT-000000$c19931124 850 $aIT-BN0095 $aIT-SA0060 $aIT-SA0200 $aIT-AV0007 $aIT-NA0079 $aIT-NA0070 $aIT-NA0230 $aIT-NA0452 $aIT-AV0045 $aIT-NA0097 901 $bNAP 63$cMOD $n$ 901 $bNAP 27$cSALA $n$ 912 $aAQ10004002 950 2$aBiblioteca Centralizzata di Ateneo$cv. 1-2,3(2. copia)$d 01POZZO LIB.ECON MON 5778$e 0101 0600188065E VMA (0002 v. 2$fB $h20210408$i20210408 977 $a 01$a 27$a 63$a AV$a BN$a BU$a IR$a IS$a MV$a SP 996 $aUomini e classi$9185798 997 $aUNISANNIO